100 amazing make-it-yourself science fair projects / (Record no. 288230)
[ view plain ]
| 000 -LEADER | |
|---|---|
| fixed length control field | 00589nam a2200157Ia 4500 |
| 008 - FIXED-LENGTH DATA ELEMENTS--GENERAL INFORMATION | |
| fixed length control field | 150610s9999 xx 000 0 und d |
| 020 ## - INTERNATIONAL STANDARD BOOK NUMBER | |
| International Standard Book Number | 9788172451202 |
| 050 ## - LIBRARY OF CONGRESS CALL NUMBER | |
| Classification number | Q164 |
| Item number | .V45 1994 |
| 100 ## - MAIN ENTRY--PERSONAL NAME | |
| Personal name | Vecchione, Glen. |
| 245 ## - TITLE STATEMENT | |
| Title | 100 amazing make-it-yourself science fair projects / |
| Statement of responsibility, etc | Glen Vecchione. |
| 260 ## - PUBLICATION, DISTRIBUTION, ETC. (IMPRINT) | |
| Place of publication, distribution, etc | New Delhi : |
| Name of publisher, distributor, etc | Goodwill Publishing House, |
| Date of publication, distribution, etc | 1994. |
| 300 ## - PHYSICAL DESCRIPTION | |
| Extent | 224pages : |
| Other physical details | illustrations ; |
| Dimensions | 25 cm. |
| 504 ## - BIBLIOGRAPHY, ETC. NOTE | |
| Bibliography, etc | Reprint. Originally published: New York : Sterling Publishing, [1994]. |
| 520 ## - SUMMARY, ETC. | |
| Summary, etc | Science projects. |
| 650 ## - SUBJECT ADDED ENTRY--TOPICAL TERM | |
| Topical term or geographic name as entry element | Experiments -- Methodology |
| General subdivision | Science. |
No items available.